000 00879nas a2200265 4500
001 BR2012009316
003 BR-BrBNA
005 20231205121556.0
007 ta
008 230509b bl.|||p| |||| 00| 00por d
040 _aBR-BrBNA
_bpor
_cBiblioteca Nacional de Agricultura
041 _a(Pt)
072 _aF50
100 1 _aAlvarez, A. da S.
100 1 _aPotiguara, R.C. de V.
100 1 _aSantos, J.U.M. dos
245 1 _aArquitetura foliar de espécies de Eugenia L. (Myrtaceae), da restinga de Algodoal, Maiandeua, Pará
650 _aRESTINGA
650 _aANATOMIA VEGETAL
650 _aECOSSISTEMA
650 _aCOMPOSIÇÃO BOTÂNICA
773 0 _tBoletim do Museu Paraense Emílio Goeldi. Ciências Naturais (Brazil)
_xISSN 1981-8114
_g(May-Aug 2006), v. 1(2) p. 29-36
_wBR2012009316
909 _a202311
_bLúcia
_c55
_dLúcia Elande
942 _2AGRIS
_n0
_cANA
999 _c224202
_d224202